00429nam a2200109Ia 4500008004100000100002500041245010900066260002900175300001800204650001500222856008200237160712s9999 xx 000 0 und d aTiatco, Sir Anril P. cSir Anril Pineda Tiatco,aEntanglement: A Preliminary Study of a Philippine Puppet Sinakulo for Children c2015bHumanities Diliman avol. 12 no. 1 xHUMANITIES uhttp://journals.upd.edu.ph/index.php/humanitiesdiliman/issue/view/502/showToc